| 000 | 01157cam a2200397 i 4500 | ||
|---|---|---|---|
| 001 | 0000833 | ||
| 003 | DO-SdBPM | ||
| 005 | 20250409101107.0 | ||
| 007 | 0000833 | ||
| 008 | 100514s 1993 sp a | |||| 000 f spa | ||
| 015 | _a | ||
| 017 |
_a _b |
||
| 020 | _a8434809079 | ||
| 035 | _a | ||
| 040 |
_aDO-SdBPM _bspa _cBPMSU _e |
||
| 080 | _a | ||
| 082 | 4 |
_a863.6 _bM425h 1993 _222 |
|
| 100 | 1 |
_aMateos, Pilar _d1942- |
|
| 245 | 1 | 0 |
_aHistorias de ninguno / _cPilar Mateos ; ilustraciones Gustavo Otero _h |
| 250 | _a17a. ed. | ||
| 260 |
_aMadrid : _bEditorial Sm, _c1993. |
||
| 300 |
_a91 p. : _bil. ; _c19 cm. |
||
| 490 | 0 |
_aEl barco de vapor, _v6 |
|
| 490 | 1 | _aAzul | |
| 500 | _3A partir de los 7 años | ||
| 521 | _aA partir de 7 años. | ||
| 586 | _aFinalista del premio El Barco de Vapor | ||
| 586 | _aPremio Lazarillo, 1982 | ||
| 586 | _aPremio El Barco de Vapor, 1981 | ||
| 590 | _aInventariado, 2025/VM | ||
| 650 | 4 | _aCuentos infantiles españoles | |
| 650 | 4 |
_aNiños _2Crecimiento _vCuentos infantiles |
|
| 700 | 1 |
_aOtero, Gustavo _eilustración |
|
| 910 | _aVMateo V. Control de calidad. BPMSU | ||
| 942 |
_2ddc _cBK |
||
| 999 |
_c12160 _d12160 |
||